| 000 | 00922aam a2200313 i 4500 | ||
|---|---|---|---|
| 001 | 768714001 | ||
| 003 | CO-MdFUSB | ||
| 005 | 20250519122807.0 | ||
| 007 | ta | ||
| 008 | 250519t1992 -us |||| |||| 00| 0 spa d | ||
| 020 | _a1-56063-179-1 | ||
| 040 | _cCO-MdFUSB | ||
| 041 | 0 | _aspa | |
| 082 | 0 | 4 |
_223 _a248.25 _bP154l |
| 100 | 1 |
_aPalau, Luis _eautor |
|
| 240 | _aSay yes! How to renew your spiritual passion | ||
| 245 | 1 | 0 |
_aLa lucha interior : _b¿por qué fracaso en mi vida espiritual? _c/ Luis Palau ; traducido por Leticia Calçada |
| 264 | 1 |
_bUnilit, _aMiami, FL., USA : _c[1992] |
|
| 264 | 4 | _c©1992 | |
| 300 | _a136 páginas | ||
| 336 |
_atexto _btxt _2rdacontent |
||
| 337 |
_2rdamedia _asin mediación _bn |
||
| 338 |
_2rdacarrier _avolumen _bnc |
||
| 563 | _aRústico | ||
| 650 | 0 |
_aVida cristiana _919 |
|
| 700 |
_aCalçada, Leticia _96120 _etraductor |
||
| 942 | _cBK | ||
| 945 | _aJTF-925 | ||
| 999 |
_c32017 _d32017 |
||